| 000 | 00821cam a22001934a 4500 | ||
|---|---|---|---|
| 020 | _a0262232197 (cloth) | ||
| 020 | _a9780262232197 (cloth) | ||
| 020 | _a0262232332 (Solutions manual) | ||
| 020 | _a9780262232333 (Solutions manual) | ||
| 040 | _cDLC | ||
| 082 | _a330 MIT 2002 A066 Or. | ||
| 100 | 1 | _aWooldridge, Jeffrey M., | |
| 245 | 1 | 0 | _aEconometric analysis of cross section and panel data / |
| 260 |
_aCambridge, Mass. : _bMIT Press, _cc2002. |
||
| 300 |
_axxi, 752 p. ; _c24 cm. |
||
| 520 | _aThis text provides a rigorous treatment of contemporary methods used in microeconometric research. The book makes clear that applied microeconometrics is about the estimation of marginal and treatment effects, and that parametric estimation is simply a means to this end. | ||
| 650 | 0 | _aEconometrics | |
| 942 | _cEK | ||
| 999 |
_c14148 _d14148 |
||